[Event "Int. Stuttgarter Stadtmeisterschaft A"]
[Site "Ditzingen"]
[Date "2016.05.06"]
[Round "4.24"]
[White "Hoeschele, Hans-Ulrich"]
[Black "Imhof, Thomas"]
[Result "1-0"]
[WhiteElo "2012"]
[BlackElo "1930"]
[PlyCount "109"]
[EventDate "2016.??.??"]
[WhiteTeam "Stuttgarter SF"]
[BlackTeam "SGem Vaihingen-Rohr"]

1. d4 Nf6 2. Nf3 e6 3. g3 d5 4. Bg2 c5 5. c3 Nc6 6. O-O Be7 7. Nbd2 O-O 8. dxc5
Bxc5 9. b4 Bd6 10. Bb2 Ne5 11. a3 b5 12. Nd4 Bd7 13. e4 Nd3 14. Qc2 Nxb2 15.
Qxb2 Rc8 16. Rac1 e5 17. N4b3 Bc6 18. Na5 Ba8 19. exd5 Bxd5 20. Bxd5 Nxd5 21.
c4 bxc4 22. Ndxc4 Bc7 23. Nc6 Qf6 24. b5 a6 25. a4 axb5 26. axb5 Rfe8 27. Rfe1
e4 28. Qxf6 Nxf6 29. Ne3 Kf8 30. Na7 Rb8 31. Rxc7 Rb6 32. Rd1 g6 33. Nc4 Rbe6
34. Nc6 Ng4 35. b6 e3 36. fxe3 Nxe3 37. Nxe3 Rxe3 38. b7 Rb3 39. b8=Q Rbxb8 40.
Nxb8 Rxb8 41. Rf1 f5 42. Rxh7 Kg8 43. Rc7 Rd8 44. h4 Rd3 45. Kg2 Rd2+ 46. Rf2
Rd3 47. Rb2 Rd8 48. Rbb7 Rd2+ 49. Kf3 Rd3+ 50. Kf4 Rd4+ 51. Kg5 Rd8 52. Rg7+
Kh8 53. Rh7+ Kg8 54. Kh6 g5 55. Rbg7+ 1-0

[Event "Int. Stuttgarter Stadtmeisterschaft A"]
[Site "Ditzingen"]
[Date "2016.05.06"]
[Round "4.26"]
[White "Hüttig, Michael"]
[Black "Martin, Dennis"]
[Result "1/2-1/2"]
[WhiteElo "2164"]
[BlackElo "1928"]
[PlyCount "119"]
[EventDate "2016.??.??"]
[WhiteTeam "SC Erdmannhausen"]
[BlackTeam "SK Rotenburg"]

1. Nf3 Nf6 2. g3 g6 3. Bg2 Bg7 4. O-O O-O 5. d3 d6 6. a3 Re8 7. e4 Nc6 8. h3 e5
9. Nc3 Nd7 10. Be3 Nd4 11. Bxd4 exd4 12. Nb5 Nf8 13. a4 Ne6 14. Qd2 c6 15. Na3
Rf8 16. Qb4 Kh8 17. Nc4 c5 18. Qb3 f5 19. exf5 Rxf5 20. Rae1 Rb8 21. Nh4 Rf6
22. f4 Nf8 23. Nf3 b6 24. Re2 Re6 25. Ng5 Rf6 26. Bd5 Bb7 27. Nf7+ Rxf7 28.
Bxf7 Qd7 29. Kh2 Qxf7 30. Nxd6 Qxb3 31. cxb3 Bd5 32. Re7 a5 33. Ne8 Rb7 34.
Rfe1 Rxe7 35. Rxe7 Ne6 36. Nxg7 Nxg7 37. Rd7 Bxb3 38. Rd8+ Bg8 39. Rd6 Nf5 40.
Rxb6 c4 41. dxc4 Bxc4 42. Rb8+ Kg7 43. Rd8 d3 44. b3 Bxb3 45. Rxd3 Bxa4 46. Ra3
Bc6 47. Rxa5 Kf6 48. g4 Ne7 49. Kg3 Bd7 50. Ra6+ Be6 51. h4 h5 52. f5 gxf5 53.
gxh5 Ke5 54. Ra5+ Nd5 55. h6 Bg8 56. Kf3 Bh7 57. Ra7 Nf6 58. Re7+ Kd6 59. Ra7
Ke5 60. Re7+ 1/2-1/2

[Event "Int. Stuttgarter Stadtmeisterschaft A"]
[Site "Ditzingen"]
[Date "2016.05.06"]
[Round "4.27"]
[White "Wohlfahrt, Michael"]
[Black "Kessler, Andreas"]
[Result "0-1"]
[WhiteElo "1909"]
[BlackElo "2128"]
[PlyCount "86"]
[EventDate "2016.??.??"]
[WhiteTeam "TSF Welzheim"]
[BlackTeam "SG Reil-Kinheim"]

1. b3 d5 2. Nf3 Nc6 3. e3 Bg4 4. Bb5 Qd6 5. h3 Bd7 6. Bb2 f6 7. Ba3 Qe6 8. d4
Qf7 9. Nbd2 a6 10. Bxc6 Bxc6 11. c4 e6 12. Bxf8 Qxf8 13. c5 Nh6 14. Qc2 Qf7 15.
a4 O-O 16. O-O Qh5 17. Nh2 f5 18. f4 Nf7 19. Qd1 Qh6 20. Qf3 Kh8 21. Kf2 Qh4+
22. Ke2 b5 23. Rh1 bxa4 24. bxa4 Rfb8 25. g3 Qe7 26. g4 Rb4 27. a5 Bb5+ 28. Kf2
Rb2 29. Rhd1 Bd3 30. Kg3 c6 31. Ra3 Bc2 32. Rc1 Rab8 33. Rc3 Ba4 34. Nhf1 Qc7
35. Ra3 Ng5 36. Qh1 Bb5 37. Kh4 Ne4 38. Nxe4 fxe4 39. Kg3 g5 40. h4 gxf4+ 41.
exf4 Rf8 42. Kh3 Qxf4 43. Ne3 Qf3+ 0-1

[Event "Int. Stuttgarter Stadtmeisterschaft A"]
[Site "Ditzingen"]
[Date "2016.05.06"]
[Round "4.28"]
[White "Gerstenberger, Heinz"]
[Black "Zeh, Rolf"]
[Result "1-0"]
[WhiteElo "2101"]
[BlackElo "1957"]
[PlyCount "69"]
[EventDate "2016.??.??"]
[WhiteTeam "Stuttgarter SF"]
[BlackTeam "SV Böckingen"]

1. d4 d5 2. c4 c6 3. Nf3 Nf6 4. Nbd2 g6 5. g3 Bg7 6. Bg2 O-O 7. b3 Bf5 8. Bb2
Nbd7 9. O-O Ne4 10. Ne1 Ndf6 11. f3 Nxd2 12. Qxd2 h5 13. Nd3 dxc4 14. bxc4 Ne8
15. Nf2 Nd6 16. Rfc1 Be6 17. Qd3 Nf5 18. e3 c5 19. Rd1 cxd4 20. exd4 Rc8 21.
Rac1 Qb6 22. Ba1 Rfd8 23. d5 Bxa1 24. Rxa1 Qa6 25. Bf1 Ng7 26. Qe2 Bd7 27. Qxe7
Ba4 28. Rdc1 Re8 29. Qg5 f5 30. Rab1 Rc5 31. Re1 Rxe1 32. Rxe1 b5 33. Qd8+ Kh7
34. Qe7 bxc4 35. Qxc5 1-0

[Event "Int. Stuttgarter Stadtmeisterschaft A"]
[Site "Ditzingen"]
[Date "2016.05.06"]
[Round "4.29"]
[White "Klaus, Dominik"]
[Black "Döring, Stefan"]
[Result "1/2-1/2"]
[WhiteElo "2068"]
[BlackElo "1945"]
[PlyCount "68"]
[EventDate "2016.??.??"]
[WhiteTeam "Ssg Fils-Lauter"]
[BlackTeam "SC Tamm"]

1. d4 Nf6 2. c4 e6 3. g3 d5 4. Bg2 Be7 5. Nf3 b6 6. cxd5 exd5 7. Nc3 Bb7 8. Bf4
c6 9. O-O O-O 10. Nh4 Nh5 11. Nf5 Nxf4 12. gxf4 Bf6 13. e3 Bc8 14. Ng3 Na6 15.
Kh1 Nc7 16. Rg1 Ne8 17. Rc1 Nd6 18. Bf3 Bd7 19. Qf1 Nc4 20. Rc2 Nd6 21. Qg2 Nf5
22. Nxf5 Bxf5 23. Rcc1 g6 24. Bg4 Qd7 25. Bxf5 Qxf5 26. Ne2 Rac8 27. Ng3 Qg4
28. Rc2 c5 29. dxc5 Rxc5 30. Rxc5 bxc5 31. Qxd5 Bxb2 32. f3 Qe6 33. Qxc5 Qxa2
34. Nf5 Bg7 1/2-1/2

[Event "Int. Stuttgarter Stadtmeisterschaft A"]
[Site "Ditzingen"]
[Date "2016.05.06"]
[Round "4.30"]
[White "Ruff, Robert"]
[Black "Pflaum, Stefan"]
[Result "0-1"]
[WhiteElo "1871"]
[BlackElo "2071"]
[PlyCount "108"]
[EventDate "2016.??.??"]
[WhiteTeam "SK Sachsenheim"]
[BlackTeam "SC Botnang"]

1. Nf3 Nf6 2. d4 c5 3. d5 e6 4. c4 b5 5. e3 exd5 6. cxd5 a6 7. Be2 Bb7 8. b3
Nxd5 9. O-O Be7 10. Bb2 O-O 11. Nbd2 Nf6 12. Rc1 Qb6 13. Bd3 d5 14. Bb1 Nbd7
15. Qc2 Rfe8 16. Ne5 Nf8 17. h3 Rac8 18. Qf5 Qe6 19. Qf3 Ne4 20. Rfd1 Bf6 21.
Nd3 Bxb2 22. Nxb2 Ng6 23. Nd3 b4 24. Nf4 Nxf4 25. Qxf4 Nc3 26. Re1 g6 27. Bd3
Kg7 28. Nf3 Qf6 29. Qxf6+ Kxf6 30. a3 a5 31. axb4 axb4 32. Ra1 Ra8 33. Kf1 Bc6
34. Nd2 Bb5 35. Bxb5 Nxb5 36. Ke2 Na3 37. Rec1 Rac8 38. Nb1 Nxb1 39. Rcxb1 Rc6
40. f3 Rce6 41. Ra5 Rxe3+ 42. Kf2 Re2+ 43. Kf1 Rc2 44. Re1 Rxe1+ 45. Kxe1 Ke5
46. Kf1 Kd4 47. Rb5 Rb2 48. Rb7 Rxb3 49. Rxf7 c4 50. Rxh7 c3 51. Rc7 Kd3 52.
Rc5 d4 53. g4 c2 54. Kg2 Rc3 0-1

[Event "Int. Stuttgarter Stadtmeisterschaft A"]
[Site "Ditzingen"]
[Date "2016.05.06"]
[Round "4.31"]
[White "Gheng, Dominik"]
[Black "Jurasin, Marin"]
[Result "0-1"]
[WhiteElo "1840"]
[BlackElo "2039"]
[PlyCount "42"]
[EventDate "2016.??.??"]
[WhiteTeam "Schach-Kids Bernhausen"]
[BlackTeam "SG Schönbuch"]

1. e4 g6 2. d4 Bg7 3. Be3 d6 4. Nc3 Nd7 5. Qd2 c6 6. O-O-O b5 7. d5 b4 8. Na4
c5 9. f4 Qa5 10. b3 Nb6 11. Qe2 a6 12. Nxb6 Qxb6 13. e5 dxe5 14. Qc4 Qa5 15.
Bxc5 Qxa2 16. Bxb4 Bd7 17. Bc5 exf4 18. Bd4 Nf6 19. Ne2 Rc8 20. Bc5 Rxc5 21.
Qxc5 Ne4 0-1

[Event "Int. Stuttgarter Stadtmeisterschaft A"]
[Site "Ditzingen"]
[Date "2016.05.06"]
[Round "4.32"]
[White "Kasüschke, Lars"]
[Black "Frühsorger, Dieter"]
[Result "1/2-1/2"]
[WhiteElo "2013"]
[BlackElo "1907"]
[PlyCount "117"]
[EventDate "2016.??.??"]
[WhiteTeam "SG Schwäbisch Gmünd"]
[BlackTeam "SK Schwäbisch Hall"]

1. e4 c5 2. Nf3 d6 3. d4 f5 4. exf5 Bxf5 5. Bb5+ Nc6 6. O-O cxd4 7. Nxd4 Bd7 8.
Bd3 Nf6 9. Nxc6 Bxc6 10. Bg5 e5 11. Re1 Be7 12. Nc3 O-O 13. Bc4+ Kh8 14. Qd2
Qd7 15. Rad1 Bxg2 16. Rxe5 Qg4 17. Be6 Qf3 18. Re3 Qc6 19. Rg3 Bf3 20. Re1 Rae8
21. Re3 Nh5 22. Bxe7 Rxe7 23. Rgxf3 Rxf3 24. Nd5 Rxe3 25. Nxe7 Qe8 26. Qxe3
Qxe7 27. Bg4 Qxe3 28. fxe3 Nf6 29. Bf3 b6 30. Kf2 Kg8 31. Ke2 Kf7 32. Kd3 Ke6
33. Kd4 g5 34. h3 h5 35. Kc4 g4 36. hxg4 hxg4 37. Bg2 Ke5 38. Kb5 Nd5 39. e4
Ne3 40. Bh1 Nxc2 41. Ka6 Nb4+ 42. Kxa7 Nxa2 43. Kxb6 Nb4 44. Kb5 Nd3 45. b4 Nf2
46. Bg2 Nxe4 47. Kc6 d5 48. b5 Nd6 49. Bxd5 Nxb5 50. Kc5 Nd4 51. Kc4 Nf3 52.
Bb7 Kf4 53. Bc8 g3 54. Bh3 Ke3 55. Bg2 Kf2 56. Bh1 Ne1 57. Kd4 Ng2 58. Ke4 Kg1
59. Kf3 1/2-1/2

[Event "Int. Stuttgarter Stadtmeisterschaft A"]
[Site "Ditzingen"]
[Date "2016.05.06"]
[Round "4.33"]
[White "Nettelbeck, Jann"]
[Black "Pfrommer, Martin"]
[Result "1-0"]
[WhiteElo "1821"]
[BlackElo "2013"]
[PlyCount "125"]
[EventDate "2016.??.??"]
[WhiteTeam "SC Bad Bergzabern"]
[BlackTeam "SV Schorndorf"]

1. d4 Nf6 2. c4 e6 3. Nf3 b6 4. a3 Bb7 5. Nc3 d5 6. cxd5 exd5 7. Bg5 Be7 8. e3
O-O 9. Bd3 Nbd7 10. Qc2 Re8 11. O-O c5 12. dxc5 bxc5 13. Rfd1 h6 14. Bh4 Rc8
15. Bf5 d4 16. exd4 Bxf3 17. gxf3 g5 18. Bg3 c4 19. h4 Nh5 20. hxg5 hxg5 21.
Kg2 Rc6 22. Qa4 Nxg3 23. fxg3 Rd6 24. Qxc4 Nb6 25. Qd3 Bf6 26. Nb5 Rd5 27. Be4
a6 28. Bxd5 Nxd5 29. Nc3 Ne3+ 30. Kf2 Nxd1+ 31. Rxd1 Qa5 32. Ne4 Be7 33. g4 Qb6
34. b4 Rd8 35. Kg2 Kg7 36. d5 Qh6 37. d6 Rh8 38. Qd4+ f6 39. Qg1 Qh3+ 40. Kf2
Bd8 41. Ke2 f5 42. Qd4+ Kg6 43. gxf5+ Kxf5 44. Nf2 Re8+ 45. Ne4 Qh2+ 46. Qf2
Qe5 47. Qc5 g4 48. Rd5 Bf6 49. d7 Rh8 50. Rxe5+ Bxe5 51. Nd6+ Ke6 52. fxg4 Bxd6
53. Qf5+ Ke7 54. g5 Rh2+ 55. Kd3 Ra2 56. g6 Rxa3+ 57. Kc4 Kd8 58. Qe6 Be7 59.
g7 Rg3 60. g8=Q+ Rxg8 61. Qxg8+ Kxd7 62. Qf7 Kd8 63. Qe6 1-0

[Event "Int. Stuttgarter Stadtmeisterschaft A"]
[Site "Ditzingen"]
[Date "2016.05.06"]
[Round "4.34"]
[White "Wirth, Steffen"]
[Black "Weis, Olga"]
[Result "1/2-1/2"]
[WhiteElo "2001"]
[BlackElo "1902"]
[PlyCount "79"]
[EventDate "2016.??.??"]
[WhiteTeam "SSV Zuffenhausen"]
[BlackTeam "OSG Baden-Baden"]

1. d4 Nf6 2. Nf3 c5 3. c3 b6 4. e3 g6 5. Bd3 Bg7 6. O-O O-O 7. Qe2 d5 8. Nbd2
Bb7 9. dxc5 bxc5 10. e4 d4 11. e5 Nd5 12. Ne4 dxc3 13. bxc3 Nd7 14. Rb1 Bc6 15.
e6 f5 16. exd7 fxe4 17. Qxe4 Qxd7 18. Ne5 Bxe5 19. Qxe5 Qd6 20. Re1 Qf6 21. Bh6
Qxe5 22. Rxe5 Rfd8 23. Bc4 Kh8 24. Bg5 Rd7 25. Rbe1 Re8 26. h4 Kg7 27. Bxd5
Bxd5 28. Rxe7+ Rdxe7 29. Rxe7+ Rxe7 30. Bxe7 Bxa2 31. Bxc5 a5 32. Kf1 Kf6 33.
Ke2 Ke5 34. Kd2 Bd5 35. Bb6 a4 36. Ba5 Bb3 37. Kc1 a3 38. Bb4 a2 39. Kb2 Bc4
40. Ba5 1/2-1/2

[Event "Int. Stuttgarter Stadtmeisterschaft A"]
[Site "Ditzingen"]
[Date "2016.05.06"]
[Round "4.35"]
[White "Pfeifer, Wilfried"]
[Black "Longo, Claudio"]
[Result "0-1"]
[WhiteElo "1995"]
[BlackElo "1870"]
[PlyCount "70"]
[EventDate "2016.??.??"]
[WhiteTeam "TSF Ditzingen"]
[BlackTeam "SK Gräfelfing"]

1. f4 d5 2. Nf3 Nf6 3. e3 g6 4. Be2 Bg7 5. O-O O-O 6. d3 c5 7. Nc3 Nc6 8. Ne5
Qc7 9. Nxc6 bxc6 10. e4 e6 11. e5 Nd7 12. Qe1 a5 13. Na4 f6 14. exf6 Bxf6 15.
Bg4 e5 16. Be6+ Kg7 17. Qg3 Be7 18. f5 Nf6 19. Bxc8 Raxc8 20. Bg5 Rb8 21. c3
Nh5 22. Qg4 Bxg5 23. Qxg5 Qd6 24. fxg6 hxg6 25. g3 Rf6 26. Rxf6 Nxf6 27. Re1 e4
28. d4 cxd4 29. Qf4 Qxf4 30. gxf4 d3 31. Kf2 Rh8 32. Nc5 Rxh2+ 33. Kg3 Rxb2 34.
a4 Nh5+ 35. Kg4 Rf2 0-1

[Event "Int. Stuttgarter Stadtmeisterschaft A"]
[Site "Ditzingen"]
[Date "2016.05.06"]
[Round "4.36"]
[White "Lehmann, Stefan"]
[Black "Reindl, Arno"]
[Result "1/2-1/2"]
[WhiteElo "1903"]
[BlackElo "1738"]
[PlyCount "56"]
[EventDate "2016.??.??"]
[WhiteTeam "Ssg Fils-Lauter"]
[BlackTeam "SG Schwäbisch Gmünd"]

1. e4 c5 2. Nc3 Nc6 3. f4 d6 4. Nf3 g6 5. Bb5 Bd7 6. d3 Bg7 7. O-O e6 8. Bxc6
bxc6 9. Qe1 Ne7 10. e5 d5 11. Na4 c4 12. dxc4 dxc4 13. Nc5 Nd5 14. Kh1 Bf8 15.
Ne4 c5 16. Be3 Rc8 17. Nfd2 Bb5 18. c3 Be7 19. Rd1 Qa5 20. a3 Qa6 21. Qe2 Qb7
22. Bf2 Nxf4 23. Qf3 Nd5 24. Bh4 O-O 25. Bxe7 Qxe7 26. Nd6 Rb8 27. N2xc4 Bxc4
28. Nxc4 Nb6 1/2-1/2

[Event "Int. Stuttgarter Stadtmeisterschaft A"]
[Site "Ditzingen"]
[Date "2016.05.06"]
[Round "4.37"]
[White "Müller, Dennis"]
[Black "Cummings, Nicolai"]
[Result "1/2-1/2"]
[WhiteElo "1801"]
[BlackElo "1996"]
[PlyCount "32"]
[EventDate "2016.??.??"]
[WhiteTeam "SC Kreut"]
[BlackTeam "SC Ingersheim"]

1. e4 d6 2. d4 Nf6 3. Nc3 Nbd7 4. Nf3 e5 5. g4 h6 6. g5 hxg5 7. Nxg5 exd4 8.
Qxd4 Nc5 9. Bc4 Ne6 10. Qd3 Nxg5 11. Bxg5 Be7 12. O-O-O Ng4 13. Bxe7 Qxe7 14.
Qg3 Qh4 15. Nb5 Qg5+ 16. Kb1 Qc5 1/2-1/2

[Event "Int. Stuttgarter Stadtmeisterschaft A"]
[Site "Ditzingen"]
[Date "2016.05.06"]
[Round "4.38"]
[White "Schnepel, Thomas"]
[Black "Richter, Nils"]
[Result "1-0"]
[WhiteElo "1907"]
[BlackElo "1826"]
[PlyCount "69"]
[EventDate "2016.??.??"]
[WhiteTeam "SC Pforzheim"]
[BlackTeam "TSV/RSK Esslingen"]

1. e4 c5 2. Nf3 Nc6 3. d4 cxd4 4. Nxd4 Nf6 5. Nc3 d6 6. Bc4 e6 7. Bb3 Be7 8.
Be3 O-O 9. Qe2 a6 10. O-O-O Nxd4 11. Bxd4 Qa5 12. f3 b5 13. g4 b4 14. Nb1 Nd7
15. h4 Nc5 16. Nd2 Nxb3+ 17. Nxb3 Qxa2 18. e5 d5 19. Qf2 Bd7 20. Kd2 Qa4 21.
Ra1 Qc6 22. Rhc1 Rfc8 23. f4 Qb5 24. Ra5 Qc4 25. f5 Bd8 26. Rc5 Rxc5 27. Nxc5
Bb6 28. fxe6 fxe6 29. b3 Qb5 30. Rf1 Bxc5 31. Bxc5 h6 32. Qf7+ Kh8 33. Bf8 Rxf8
34. Qxf8+ Kh7 35. Rf7 1-0

[Event "Int. Stuttgarter Stadtmeisterschaft A"]
[Site "Ditzingen"]
[Date "2016.05.06"]
[Round "4.39"]
[White "Stoll, Katja"]
[Black "Cummings, Orlyn"]
[Result "1/2-1/2"]
[WhiteElo "1870"]
[BlackElo "1884"]
[PlyCount "42"]
[EventDate "2016.??.??"]
[WhiteTeam "SC Weiße Dame Ulm"]
[BlackTeam "SK Schmiden/Cannstatt"]

1. e4 c5 2. Nf3 d6 3. d4 cxd4 4. Nxd4 Nf6 5. Nc3 a6 6. g3 e5 7. Nb3 Be6 8. Bg2
b5 9. Nd5 Nxd5 10. exd5 Bf5 11. a4 b4 12. Qe2 Qc7 13. Nd4 Bg6 14. a5 Be7 15.
Nc6 Nxc6 16. dxc6 O-O 17. Qc4 e4 18. O-O Rfc8 19. Bxe4 Bxe4 20. Qxe4 Bf6 21.
Qxb4 Qxc6 1/2-1/2

[Event "Int. Stuttgarter Stadtmeisterschaft A"]
[Site "Ditzingen"]
[Date "2016.05.06"]
[Round "4.40"]
[White "Gauer, Jakob"]
[Black "Lebiedz, Oliver"]
[Result "1/2-1/2"]
[WhiteElo "1801"]
[BlackElo "1914"]
[PlyCount "117"]
[EventDate "2016.??.??"]
[WhiteTeam "SC Ostfildern"]
[BlackTeam "SK Rotenburg"]

1. e4 d5 2. exd5 Nf6 3. Nf3 a6 4. d4 e6 5. dxe6 Bxe6 6. Be2 c5 7. c3 Nc6 8. Be3
Qb6 9. b3 cxd4 10. Nxd4 Rd8 11. O-O Bc5 12. Qc1 Nxd4 13. cxd4 Bxd4 14. Bxd4
Qxd4 15. Qc3 O-O 16. Qxd4 Rxd4 17. Na3 b5 18. Rfd1 Rd5 19. Bf3 Rg5 20. Nc2 Nd7
21. Ne3 Ne5 22. Be2 Ng6 23. g3 f5 24. Ng2 f4 25. h4 Re5 26. Bd3 fxg3 27. fxg3
Rf3 28. Bxg6 hxg6 29. Re1 Rxe1+ 30. Rxe1 Bd5 31. Re3 Rxe3 32. Nxe3 Be4 33. a3
Kf7 34. Kf2 Ke6 35. Ke2 Ke5 36. Kd2 Kd4 37. Nd1 Bd5 38. b4 Be4 39. Nb2 Bc6 40.
Nd3 Bd7 41. Nc5 Bc8 42. Nb3+ Ke4 43. Ke2 Bg4+ 44. Kf2 Kd5 45. Ke3 Kc4 46. Nd2+
Kc3 47. Ne4+ Kb2 48. Kd4 Kxa3 49. Kc5 Bf3 50. Nd6 Kb3 51. Ne8 Kc3 52. Nxg7 a5
53. bxa5 b4 54. Ne6 b3 55. Nd4 b2 56. Nb5+ Kb3 57. Nd4+ Ka4 58. Nb3 Kxb3 59.
Kd4 1/2-1/2

[Event "Int. Stuttgarter Stadtmeisterschaft A"]
[Site "Ditzingen"]
[Date "2016.05.06"]
[Round "4.41"]
[White "Schömbs, Oliver"]
[Black "Baars, Mario"]
[Result "1-0"]
[WhiteElo "1890"]
[BlackElo "1775"]
[PlyCount "45"]
[EventDate "2016.??.??"]
[WhiteTeam "SC Ingersheim"]
[BlackTeam "SG Schwäbisch Gmünd"]

1. e4 c6 2. c4 d5 3. cxd5 cxd5 4. exd5 Nf6 5. Nc3 a6 6. d4 Nxd5 7. Bc4 Nb6 8.
Bd3 e6 9. Nf3 Be7 10. Bf4 N8d7 11. Rc1 Nf6 12. O-O O-O 13. Ne4 Nbd5 14. Nxf6+
Bxf6 15. Bg3 Be7 16. Re1 Bd6 17. Ne5 Bxe5 18. dxe5 Qg5 19. Re4 f5 20. exf6 Nxf6
21. Re5 Qg4 22. Qd2 h6 23. Rc4 1-0

[Event "Int. Stuttgarter Stadtmeisterschaft A"]
[Site "Ditzingen"]
[Date "2016.05.06"]
[Round "4.43"]
[White "Schulz, Jens Peter"]
[Black "Schmidt, Markus"]
[Result "0-1"]
[WhiteElo "1850"]
[BlackElo "1901"]
[PlyCount "62"]
[EventDate "2016.??.??"]
[WhiteTeam "SV Dicker Turm Esslingen"]
[BlackTeam "Stuttgarter SF"]

1. e4 c5 2. Nc3 d6 3. f4 Nf6 4. Nf3 e6 5. Bb5+ Bd7 6. Bxd7+ Qxd7 7. O-O Be7 8.
d3 O-O 9. Qe1 Nc6 10. h3 a6 11. g4 d5 12. e5 Ne8 13. Qg3 f5 14. Kh2 d4 15. Na4
Qd8 16. b3 b5 17. Nb2 Nb4 18. Rf2 Rc8 19. a3 Nd5 20. Bd2 Qb6 21. gxf5 Rxf5 22.
Rg1 g6 23. Rfg2 Ng7 24. Nh4 Bxh4 25. Qxh4 Qd8 26. Qg4 Qe7 27. a4 Rff8 28. axb5
axb5 29. Rf2 Qf7 30. Nd1 Nf5 31. c4 bxc4 0-1

[Event "Int. Stuttgarter Stadtmeisterschaft A"]
[Site "Ditzingen"]
[Date "2016.05.07"]
[Round "5.1"]
[White "Ivanisevic, Ivan"]
[Black "Ikonnikov, Vyacheslav"]
[Result "1/2-1/2"]
[WhiteElo "2646"]
[BlackElo "2545"]
[PlyCount "67"]
[EventDate "2016.??.??"]
[BlackTeam "SF Bad Mergentheim"]

1. d4 Nf6 2. c4 e6 3. Nc3 Bb4 4. Qc2 O-O 5. Bg5 h6 6. Bh4 c5 7. e3 cxd4 8. exd4
b6 9. Nf3 Bb7 10. Be2 Be7 11. Rd1 d5 12. Bxf6 Bxf6 13. cxd5 Bxd5 14. Nxd5 Qxd5
15. O-O Nc6 16. Bc4 Qa5 17. Qe4 Ne7 18. g4 Rac8 19. Bb3 Rfe8 20. Rfe1 Qb5 21.
h4 Ng6 22. g5 hxg5 23. hxg5 Bxg5 24. d5 exd5 25. Qf5 Bf6 26. Bxd5 Rc5 27. Rxe8+
Qxe8 28. b4 Ne7 29. Bxf7+ Kxf7 30. Ng5+ Kf8 31. Nh7+ Kf7 32. Ng5+ Kf8 33. Nh7+
Kf7 34. Ng5+ 1/2-1/2

[Event "Int. Stuttgarter Stadtmeisterschaft A"]
[Site "Ditzingen"]
[Date "2016.05.07"]
[Round "5.2"]
[White "Maiorov, Nikita"]
[Black "Wenninger, Philipp"]
[Result "1-0"]
[WhiteElo "2538"]
[BlackElo "2352"]
[PlyCount "67"]
[EventDate "2016.??.??"]
[BlackTeam "SC Erlangen"]

1. c4 Nf6 2. Nc3 e6 3. Nf3 d5 4. d4 c6 5. e3 Nbd7 6. Qc2 Bd6 7. b3 O-O 8. Bb2
b6 9. Bd3 Bb7 10. O-O Rc8 11. Rad1 Qc7 12. Qb1 a6 13. e4 dxe4 14. Nxe4 Nxe4 15.
Bxe4 f5 16. Bd3 Rf6 17. c5 Bf4 18. Rfe1 bxc5 19. Bc4 Rcf8 20. dxc5 Nxc5 21.
Bxf6 Rxf6 22. g3 h6 23. Nd4 Qf7 24. gxf4 Qg6+ 25. Kf1 Qh5 26. Re3 Qxh2 27. Nxe6
Nxe6 28. Bxe6+ Rxe6 29. Rxe6 Qh3+ 30. Ke1 Qh1+ 31. Ke2 Qh5+ 32. Kd2 c5 33. Qd3
Be4 34. Rxe4 1-0

[Event "Int. Stuttgarter Stadtmeisterschaft A"]
[Site "Ditzingen"]
[Date "2016.05.07"]
[Round "5.3"]
[White "Krockenberger, Martin"]
[Black "Teske, Henrik"]
[Result "0-1"]
[WhiteElo "2208"]
[BlackElo "2487"]
[PlyCount "124"]
[EventDate "2016.??.??"]
[WhiteTeam "SK Schmiden/Cannstatt"]
[BlackTeam "SC Remagen"]

1. d4 Nf6 2. c4 g6 3. Nc3 d5 4. Nf3 Bg7 5. Qb3 c6 6. cxd5 cxd5 7. Bg5 e6 8. e3
O-O 9. Be2 Nc6 10. O-O h6 11. Bxf6 Bxf6 12. Rfc1 Na5 13. Qd1 Bd7 14. Bd3 Rc8
15. Qe2 a6 16. e4 dxe4 17. Nxe4 Bg7 18. Nc5 Bc6 19. Be4 Bb5 20. Qe1 b6 21. Nb7
Nxb7 22. Bxb7 Rc7 23. Be4 Qd6 24. Rxc7 Qxc7 25. Rd1 Rd8 26. h4 Qd6 27. Rd2 Bc4
28. b3 Bb5 29. Qe3 a5 30. h5 gxh5 31. d5 Rc8 32. g3 Rc3 33. Qe1 Bf6 34. Kg2 Kg7
35. dxe6 Qxe6 36. Nd4 Bxd4 37. Rxd4 Rc5 38. Qd1 Rg5 39. Bf3 Bc6 40. Bxc6 Qxc6+
41. Qf3 Qxf3+ 42. Kxf3 Rf5+ 43. Ke3 Re5+ 44. Kf3 b5 45. Rd6 Rc5 46. Ra6 b4 47.
Ke3 f6 48. f3 Kg6 49. Kf4 Rf5+ 50. Ke3 Kg5 51. Ra8 Rc5 52. Kd4 Rc3 53. Rxa5+ f5
54. Ra8 Rxf3 55. Rg8+ Kf6 56. Kc5 f4 57. gxf4 Rxf4 58. Rg2 h4 59. a4 bxa3 60.
b4 h3 61. Rh2 Rh4 62. b5 a2 0-1

[Event "Int. Stuttgarter Stadtmeisterschaft A"]
[Site "Ditzingen"]
[Date "2016.05.07"]
[Round "5.4"]
[White "Niklasch, Oliver"]
[Black "Schmidt, Tobias"]
[Result "1/2-1/2"]
[WhiteElo "2319"]
[BlackElo "2221"]
[PlyCount "29"]
[EventDate "2016.??.??"]
[WhiteTeam "SK Schmiden/Cannstatt"]
[BlackTeam "SC Erdmannhausen"]

1. g3 d5 2. Nf3 Nf6 3. Bg2 Bf5 4. c4 c6 5. cxd5 cxd5 6. Qb3 Qb6 7. Nc3 e6 8. d3
Bc5 9. O-O Qxb3 10. axb3 Nc6 11. Bd2 O-O 12. Rfc1 Be7 13. Nb5 e5 14. Nh4 Be6
15. Nc7 1/2-1/2

[Event "Int. Stuttgarter Stadtmeisterschaft A"]
[Site "Ditzingen"]
[Date "2016.05.07"]
[Round "5.5"]
[White "Flick, Antoine"]
[Black "Kabisch, Thilo"]
[Result "1/2-1/2"]
[WhiteElo "2319"]
[BlackElo "2309"]
[PlyCount "48"]
[EventDate "2016.??.??"]
[WhiteTeam "SC Heitersheim"]
[BlackTeam "SK Schmiden/Cannstatt"]

1. d4 Nf6 2. Nf3 d6 3. c4 g6 4. Nc3 Bg7 5. e4 O-O 6. h3 c5 7. d5 a6 8. a4 e6 9.
Bd3 Re8 10. O-O e5 11. Re1 Nbd7 12. Be3 Nh5 13. Qc2 Nf4 14. Bf1 Nf8 15. Kh2 f5
16. g3 Nh5 17. exf5 gxf5 18. Nh4 Qd7 19. Be2 Qf7 20. Bd2 Bd7 21. Qd1 Nf6 22.
Qc2 Nh5 23. Qd1 Nf6 24. Qc2 Nh5 1/2-1/2

[Event "Int. Stuttgarter Stadtmeisterschaft A"]
[Site "Ditzingen"]
[Date "2016.05.07"]
[Round "5.6"]
[White "Braun, Joachim"]
[Black "Ott, Florian"]
[Result "1-0"]
[WhiteElo "2165"]
[BlackElo "2255"]
[PlyCount "63"]
[EventDate "2016.??.??"]
[WhiteTeam "SF Birkenfeld"]
[BlackTeam "SC Forchheim"]

1. e4 c5 2. Nf3 d6 3. Bb5+ Nd7 4. d4 cxd4 5. Qxd4 a6 6. Bxd7+ Bxd7 7. c4 Rc8 8.
Nc3 e5 9. Qd3 h6 10. O-O Nf6 11. b3 Be7 12. h3 O-O 13. Be3 b5 14. Nd5 Nxd5 15.
cxd5 f5 16. Rfc1 fxe4 17. Qxe4 Bf5 18. Qb4 Bxh3 19. gxh3 Rxf3 20. Qg4 Rxc1+ 21.
Rxc1 Rf8 22. Bxh6 Bf6 23. Be3 Qa5 24. Qe6+ Kh7 25. Qxd6 Rd8 26. Qe6 Qxa2 27.
Qf5+ Kh8 28. Rc6 e4 29. Kg2 Rf8 30. Rc8 Rxc8 31. Qxc8+ Kh7 32. Qf5+ 1-0

[Event "Int. Stuttgarter Stadtmeisterschaft A"]
[Site "Ditzingen"]
[Date "2016.05.07"]
[Round "5.7"]
[White "Baenziger, Fabian"]
[Black "Gabriel, Robert"]
[Result "1/2-1/2"]
[WhiteElo "2248"]
[BlackElo "2176"]
[PlyCount "47"]
[EventDate "2016.??.??"]
[BlackTeam "Stuttgarter SF"]

1. d4 Nf6 2. c4 e6 3. Nf3 Bb4+ 4. Bd2 Bxd2+ 5. Qxd2 O-O 6. Nc3 d5 7. e3 Qe7 8.
Rc1 Nbd7 9. Qc2 c6 10. cxd5 exd5 11. Bd3 Re8 12. O-O g6 13. Nd2 Kg7 14. Rce1 a6
15. Na4 Qd6 16. a3 Ng4 17. Nf3 f5 18. b4 b5 19. Nc5 Nxc5 20. bxc5 Qc7 21. h3
Nf6 22. Nd2 a5 23. f3 Qg3 24. Rf2 1/2-1/2